000 00622nam a2200193 a 4500
001 BRCA_4746
005 20190320204803.0
008 741213s1948 ag-#######---#000-0#spa-#
050 4 _aND553
_b.M43 1948
100 1 _aMerli, Joan
_912008
245 1 0 _aPicasso
_cpor Joan Merli.
250 _a2a ed.
260 _aBuenos Aires
_bPoseidon
_c1948
300 _a1 v. (en varias paginaciones)
_bil., 704 láminas blanco y negro y 37 láminas a color
_c28 cm.
505 0 _aIncluye índice de reproducciones
600 1 4 _aPicasso, Pablo
_d1881-1973
_94496
650 1 4 _aPintura
_vCátalogos
_zBuenos Aires
_912009
942 _2lcc
_cB
999 _c4444
_d4444